| 000 | 00757cam a2200265 i 4500 | ||
|---|---|---|---|
| 001 | 123054 | ||
| 005 | 20230404125641.0 | ||
| 008 | 160830s2007 mx r 000 0 spa d | ||
| 020 | _a9781921235399 | ||
| 020 | _a192123539X | ||
| 041 | 0 | _aspa | |
| 050 | 1 | 4 | _aCD F |
| 100 | 1 |
_aGuevara, Ernesto, _d1928-1967. |
|
| 245 | 1 | 0 |
_aSoberanía política e independencia económica / _cErnesto Che Guevara. |
| 260 |
_aMéxico, D. F. : _bOcean Sur, _c2007 |
||
| 300 |
_a29 p. ; _c22 cm. |
||
| 440 | 0 | _aColección lecturas para la reflexión. Ernesto Che Guevara. | |
| 650 | 0 | _aSocialism. | |
| 650 | 0 |
_aSocialism _zCuba. |
|
| 650 | 0 |
_aEconomic history _y1945- |
|
| 650 | 4 |
_aSocialismo _zCuba |
|
| 650 | 4 |
_aComunismo _zCuba. |
|
| 942 |
_2lcc _ccd |
||
| 946 | _aJaaM | ||
| 999 |
_c1879 _d1879 |
||